| 000 | 00367nam a2200145Ia 4500 | ||
|---|---|---|---|
| 008 | 230917s9999||||xx |||||||||||||| ||und|| | ||
| 040 |
_e6882 _aMAIN |
||
| 041 | _aEnglish | ||
| 082 | _a320.509 H228P | ||
| 100 | _aHarmon, M Judd | ||
| 245 | 0 | _aPolitical thought: From Plato to the present | |
| 260 |
_aNew York _bMcGraw-Hill _c1964 |
||
| 300 | _a469 p. | ||
| 942 | _cBK | ||
| 999 |
_c37073 _d37073 |
||